My teacher's my friend / (Record no. 1979)

MARC details
000 -LEADER
fixed length control field 00994cam a2200313 a 4500
001 - CONTROL NUMBER
control field 1979
003 - CONTROL NUMBER IDENTIFIER
control field FISKH
005 - DATE AND TIME OF LATEST TRANSACTION
control field 20231024100051.0
008 - FIXED-LENGTH DATA ELEMENTS--GENERAL INFORMATION
fixed length control field 900515s1989 ilu j 000 1 eng
010 ## - LIBRARY OF CONGRESS CONTROL NUMBER
LC control number 90002153
020 ## - INTERNATIONAL STANDARD BOOK NUMBER
International Standard Book Number 0824953088
020 ## - INTERNATIONAL STANDARD BOOK NUMBER
International Standard Book Number 9780824953089
040 ## - CATALOGING SOURCE
Original cataloging agency DLC
Transcribing agency DLC
Modifying agency DLC
Language of cataloging eng
042 ## - AUTHENTICATION CODE
Authentication code lcac
050 00 - LIBRARY OF CONGRESS CALL NUMBER
Classification number PZ7.H15466
Item number My 1989
082 00 - DEWEY DECIMAL CLASSIFICATION NUMBER
Classification number 370
Edition number 20
100 1# - MAIN ENTRY--PERSONAL NAME
Personal name Hallinan, P. K.
245 10 - TITLE STATEMENT
Title My teacher's my friend /
Statement of responsibility, etc. written and illustrated by P. K. Hallinan.
260 ## - PUBLICATION, DISTRIBUTION, ETC.
Place of publication, distribution, etc. Chicago :
Name of publisher, distributor, etc. Ideals Children's Book,
Date of publication, distribution, etc. 1989.
300 ## - PHYSICAL DESCRIPTION
Extent 24 unnumbered pages :
Other physical details color illustrations ;
Dimensions 28 cm
505 ## - FORMATTED CONTENTS NOTE
Formatted contents note E<br/>
520 ## - SUMMARY, ETC.
Summary, etc. A boy describes his various activities at school and explains how his teacher is both his leader and his friend.
521 8# - TARGET AUDIENCE NOTE
Target audience note 260<br/>
Source Lexile estimate <br/><br/>
521 8# - TARGET AUDIENCE NOTE
Target audience note E<br/>
Source Raz-Plus<br/>
650 #1 - SUBJECT ADDED ENTRY--TOPICAL TERM
Topical term or geographic name entry element Teachers
General subdivision Fiction.
650 #1 - SUBJECT ADDED ENTRY--TOPICAL TERM
Topical term or geographic name entry element Schools
General subdivision Fiction.
906 ## - LOCAL DATA ELEMENT F, LDF (RLIN)
a 7
b cbc
c orignew
d 1
e ocip
f 19
g y-gencatlg
942 ## - ADDED ENTRY ELEMENTS (KOHA)
Source of classification or shelving scheme Dewey Decimal Classification
Koha item type Books
Suppress in OPAC No
Holdings
Withdrawn status Lost status Source of classification or shelving scheme Damaged status Not for loan Collection Home library Current library Shelving location Date acquired Total Checkouts Full call number Barcode Date last seen Date last checked out Price effective from Koha item type
    Dewey Decimal Classification     Fiction Footprints International School Library Network Toul Kork Campus Footprints International School Library Network Toul Kork Campus TK Primary Library Room(4th Floor), Bookcase 7, Shelves 57-60, Dark Green Books 10/24/2023 2 HAL 370 PZ7.H15466 FISTK02410 11/27/2024 11/20/2024 10/24/2023 Books